| 000 | 00477nam a2200157 4500 | ||
|---|---|---|---|
| 001 | 119218 | ||
| 003 | ES-MaACL | ||
| 005 | 20230906191249.0 | ||
| 007 | t| | ||
| 008 | 070214s1967 sp r ||||1| spa d | ||
| 100 | 1 |
_aPhilipon, M. M. _991668 |
|
| 245 | 1 | 4 |
_aUna visión nueva de la iglesia _b: el sentido espiritual del Vaticano II / _cM. M. Philipon. |
| 260 |
_aBilbao : _bDescleƩ de Brouwer, _c1967. |
||
| 300 |
_a187 p. ; _c22 cm. |
||
| 852 |
_aES-MaACL _jC-34391 _bR.64544 |
||
| 999 |
_c119218 _d119218 |
||